000 01027nam a22002417a 4500
005 2009111306196.0
008 091113t xxu||||| |||| 00| 0 eng d
010 _aENG-95492
020 _a8188965472
_c350.00
035 _aEN-78025
037 _bDBAD/PUB
040 _aDPL
245 _aDowry Bridging the gap between theory and practice
_c edited by Tamsin Bradley, Emma Tomalin and Mangala Subramaniam
260 _aNew Delhi
_bWomen Unlimited
_c2009
270 _aK- 36, Hauz Khas Enclave ,
_bNew Delhi
_e110016
300 _a245p.
_c22 cm.(Hb)
700 _aTomalin, Emma
700 _aSubramaniam, Mangala
856 _uhttp://www.loc.gov/catdir/toc/ecip0721/2007025342.html
942 _2ddc
_cEN
_mBAR
999 _c31924
_d31924